[Event "Heraclion op 10th"]
[Site "Athens"]
[Date "2006.06.12"]
[Round "3"]
[White "Skaperdas, Kostantinos"]
[Black "Leodiadis, Konstant"]
[Result "1-0"]
[WhiteElo "2235"]
[BlackElo "2048"]
[PlyCount "51"]
[EventDate "2006.06.10"]
[EventType "swiss"]
[EventRounds "9"]
[EventCountry "GRE"]
[SourceTitle "CBM 112 Extra"]
[Source "ChessBase"]
[SourceDate "2006.07.14"]
[SourceVersion "1"]
[SourceVersionDate "2006.07.14"]
[SourceQuality "1"]

1. e4 c5 2. Nf3 Nc6 3. d4 cxd4 4. Nxd4 Nf6 5. Nc3 e6 6. Ndb5 d6 7. Bf4 e5 8. Bg5 a6 9. Na3 Be7 10. Nc4 b5 11. Bxf6 gxf6 12. Ne3 Be6 13. Bd3 Rc8 14. 0-0 0-0 15. Ncd5 Kh8 16. c3 Rg8 17. b4 Qf8 18. Qf3 Qg7 19. a4 Bg4 20. Nxg4 Qxg4 21. Qxg4 Rxg4 22. axb5 axb5 23. Bxb5 Bd8 24. Bxc6 Rxc6 25. Ra8 Rg8 26. Rb1 1-0

[Event "Heraclion op 10th"]
[Site "Athens"]
[Date "2006.06.11"]
[Round "2"]
[White "Leodiadis, Konstant"]
[Black "Kountardas, Panagiotis"]
[Result "1-0"]
[WhiteElo "2048"]
[BlackElo "1788"]
[PlyCount "57"]
[EventDate "2006.06.10"]
[EventType "swiss"]
[EventRounds "9"]
[EventCountry "GRE"]
[SourceTitle "CBM 112 Extra"]
[Source "ChessBase"]
[SourceDate "2006.07.14"]
[SourceVersion "1"]
[SourceVersionDate "2006.07.14"]
[SourceQuality "1"]

1. d4 Nf6 2. c4 b6 3. g3 Bb7 4. Nf3 e6 5. Bg2 d5 6. Ne5 Bd6 7. Qa4+ Nbd7 8. b4 0-0 9. Bb2 Bxe5 10. dxe5 Ng4 11. c5 Ngxe5 12. Nd2 Nc6 13. b5 Nxc5 14. Qg4 f6 15. bxc6 Bxc6 16. 0-0 Re8 17. e4 dxe4 18. Nxe4 Bxe4 19. Bxe4 Nxe4 20. Qxe4 Qd2 21. Bc1 Qc3 22. Be3 c5 23. Rad1 Qb2 24. Rd2 Qb5 25. Rfd1 Qa6 26. Rd7 Qxa2 27. Qg4 g6 28. Qh4 h5 29. Qxf6 1-0